[Event "Oberliga Nord O 1617"]
[Site "Germany"]
[Date "2017.02.19"]
[Round "6.4"]
[White "Eichler, Jan Christoph"]
[Black "Muench, Robert"]
[Result "1-0"]
[WhiteElo "2017"]
[BlackElo "1972"]
[PlyCount "93"]
[EventDate "2016.10.16"]
[EventType "team-tourn"]
[EventRounds "9"]
[EventCountry "GER"]
[SourceTitle "EXT 2018"]
[Source "ChessBase"]
[SourceDate "2017.10.13"]
[SourceVersion "1"]
[SourceVersionDate "2017.10.13"]
[SourceQuality "1"]
[WhiteTeam "Oranienburg"]
[BlackTeam "Guestrow/Teterow"]
[WhiteTeamCountry "GER"]
[BlackTeamCountry "GER"]

1. d4 d5 2. c4 c6 3. Nc3 e6 4. Nf3 dxc4 5. g3 b5 6. Bg2 Nf6 7. a4 Bb4 8. 0-0 Nd5 9. axb5 Bxc3 10. bxc3 cxb5 11. Qc2 0-0 12. Ng5 g6 13. e4 Ne7 14. e5 Nbc6 15. Ne4 f5 16. exf6 Nd5 17. Ba3 b4 18. cxb4 Ncxb4 19. Bxb4 Nxb4 20. Qxc4 a5 21. Nc5 Ra7 22. Nxe6 Bxe6 23. Qxe6+ Kh8 24. Rfd1 Qxf6 25. Qxf6+ Rxf6 26. Ra4 Rd6 27. Be4 Nd5 28. Bxd5 Rxd5 29. Re1 Kg7 30. Re5 Rxe5 31. dxe5 g5 32. f4 Kg6 33. Kf2 Kf5 34. Ke3 gxf4+ 35. gxf4 Ra6 36. h4 h5 37. Kd3 Ra7 38. Kd4 Kxf4 39. Kd5+ Kf5 40. e6 Kf6 41. Rf4+ Kg7 42. Kd6 Ra6+ 43. Ke5 Ra7 44. Rd4 Ra6 45. Rd8 Rb6 46. e7 Rb5+ 47. Kd6 1-0

[Event "GER CupT 1617 prel3"]
[Site "Elmshorn"]
[Date "2017.01.28"]
[Round "1.3"]
[White "Eichler, Jan Christoph"]
[Black "Stubbe, Wilko"]
[Result "0-1"]
[WhiteElo "2017"]
[BlackElo "2185"]
[PlyCount "78"]
[EventDate "2017.01.28"]
[EventType "team-k.o."]
[EventRounds "2"]
[EventCountry "GER"]
[SourceTitle "EXT 2019"]
[Source "ChessBase"]
[SourceDate "2018.10.10"]
[SourceVersion "1"]
[SourceVersionDate "2018.10.10"]
[SourceQuality "1"]
[WhiteTeam "Oranienburg"]
[BlackTeam "Greifswald"]
[WhiteTeamCountry "GER"]
[BlackTeamCountry "GER"]

1. d4 Nf6 2. c4 c5 3. d5 b5 4. cxb5 d6 5. Nc3 g6 6. Nf3 Bg7 7. g3 0-0 8. Bg2 a6 9. bxa6 Bxa6 10. 0-0 Nbd7 11. h3 Rb8 12. Re1 Nb6 13. Nd2 Nfd7 14. Qc2 Qc8 15. b3 c4 16. Bb2 cxb3 17. axb3 Qb7 18. e4 Rfc8 19. Bf1 Bxf1 20. Kxf1 Ne5 21. f4 Ned7 22. Qd3 Nc5 23. Qe3 Nbd7 24. Ra3 Qb4 25. Rea1 Bd4 26. Qf3 Nf6 27. Kg2 Nfxe4 28. Ndxe4 Nxe4 29. Ra4 Qxb3 30. Qxe4 Qxb2+ 31. Ne2 Bf6 32. R1a2 Qb3 33. f5 Qd1 34. fxg6 hxg6 35. Nf4 Rc1 36. Qe2 Qh1+ 37. Kf2 Qg1+ 38. Kf3 Rb3+ 39. Ke4 Re1 0-1

[Event "Oberliga Nord O 1617"]
[Site "Germany"]
[Date "2017.01.15"]
[Round "4.3"]
[White "Glantz, Robert"]
[Black "Eichler, Jan Christoph"]
[Result "1/2-1/2"]
[WhiteElo "2288"]
[BlackElo "2017"]
[PlyCount "148"]
[EventDate "2016.10.16"]
[EventType "team-tourn"]
[EventRounds "9"]
[EventCountry "GER"]
[SourceTitle "EXT 2018"]
[Source "ChessBase"]
[SourceDate "2017.10.13"]
[SourceVersion "1"]
[SourceVersionDate "2017.10.13"]
[SourceQuality "1"]
[WhiteTeam "Kreuzberg"]
[BlackTeam "Oranienburg"]
[WhiteTeamCountry "GER"]
[BlackTeamCountry "GER"]

1. e4 e6 2. d4 d5 3. Nd2 dxe4 4. Nxe4 Nd7 5. Nf3 Ngf6 6. Nxf6+ Nxf6 7. g3 c5 8. Bg2 cxd4 9. Qxd4 Qxd4 10. Nxd4 Bc5 11. Nb3 Bb6 12. 0-0 0-0 13. Bf4 Nd5 14. Bd2 a5 15. a4 Ne7 16. Rfd1 e5 17. Be3 Bxe3 18. fxe3 Bf5 19. Rd2 Nc6 20. Nc5 Nb4 21. e4 Bc8 22. c3 Na6 23. Nd7 Bxd7 24. Rxd7 b6 25. Rd5 f6 26. Kf2 Nc5 27. Ke3 Kf7 28. Bf1 Rfd8 29. Bc4 Ke7 30. Rxd8 Kxd8 31. Bb5 Ke7 32. h4 Ra7 33. Rd1 Rc7 34. Rd5 Nb3 35. Be2 Nc5 36. Bd1 Rd7 37. Rxd7+ Kxd7 38. Be2 Ke6 39. b4 Nb7 40. Bc4+ Kd7 41. Bg8 h6 42. Bd5 Nd6 43. Kf3 Nc8 44. Ke3 Kd6 45. Bb7 Ne7 46. Kd3 Kc7 47. Ba6 g6 48. Bb5 f5 49. Ke3 Kd6 50. Be8 fxe4 51. Kxe4 Nd5 52. Kd3 axb4 53. cxb4 Nxb4+ 54. Kc4 Na6 55. Bxg6 Nc7 56. Bf7 Ke7 57. Bd5 Kd6 58. Bg8 Ke7 59. Bd5 Kd6 60. Bf3 Ke6 61. Be4 Kd6 62. g4 Ke6 63. g5 hxg5 64. hxg5 Ne8 65. Kc3 Nd6 66. Kd3 Nf7 67. g6 Nd6 68. Ke3 b5 69. axb5 Nxb5 70. Bd3 Nd6 71. Bc2 Kf6 72. Bd3 e4 73. Bxe4 Nxe4 74. Kxe4 Kxg6 1/2-1/2

[Event "Oberliga Nord O 1617"]
[Site "Germany"]
[Date "2016.11.20"]
[Round "2.4"]
[White "Eichler, Jan Christoph"]
[Black "Schabe, Felix"]
[Result "1-0"]
[WhiteElo "2017"]
[BlackElo "1805"]
[PlyCount "51"]
[EventDate "2016.10.16"]
[EventType "team-tourn"]
[EventRounds "9"]
[EventCountry "GER"]
[SourceTitle "EXT 2018"]
[Source "ChessBase"]
[SourceDate "2017.10.13"]
[SourceVersion "1"]
[SourceVersionDate "2017.10.13"]
[SourceQuality "1"]
[WhiteTeam "Oranienburg"]
[BlackTeam "Berlin Empor"]
[WhiteTeamCountry "GER"]
[BlackTeamCountry "GER"]

1. d4 Nf6 2. c4 g6 3. Nc3 Bg7 4. e4 d6 5. Be2 0-0 6. f4 c5 7. d5 e6 8. Nf3 exd5 9. cxd5 Re8 10. e5 dxe5 11. fxe5 Ng4 12. Bg5 Qa5 13. 0-0 Nxe5 14. Nxe5 Bxe5 15. Bc4 Qb4 16. Qf3 f6 17. Bxf6 Rf8 18. Qe4 Bxf6 19. d6+ Kg7 20. Rxf6 Rxf6 21. Qe7+ Kh6 22. Qxf6 Qxc4 23. Qf8+ Kh5 24. Qxc8 Qd4+ 25. Kh1 Qxd6 26. Qh3+ 1-0

[Event "Berlin Lichtenberger op 12th"]
[Site "Berlin"]
[Date "2013.08.20"]
[Round "4"]
[White "Mahn, Franko"]
[Black "Eichler, Jan Christoph"]
[Result "1-0"]
[WhiteElo "2172"]
[BlackElo "2012"]
[PlyCount "119"]
[EventDate "2013.08.17"]
[EventType "swiss"]
[EventRounds "9"]
[EventCountry "GER"]
[SourceTitle "CBM 156 Extra"]
[Source "ChessBase"]
[SourceDate "2013.10.22"]
[SourceVersion "1"]
[SourceVersionDate "2013.10.22"]
[SourceQuality "1"]

1. d4 Nf6 2. c4 g6 3. Nc3 d5 4. e3 Bg7 5. Qb3 dxc4 6. Bxc4 0-0 7. Nf3 Nc6 8. Be2 b6 9. 0-0 Na5 10. Qc2 c5 11. dxc5 bxc5 12. Rd1 Qc7 13. Bd2 c4 14. Nb5 Qb6 15. Qa4 Bd7 16. Bxa5 Bxb5 17. Qb4 Qb7 18. a4 Ba6 19. Qxb7 Bxb7 20. Bxc4 Ne4 21. Nd4 Nd6 22. Be2 Rac8 23. Rac1 Bxd4 24. exd4 Nf5 25. Bc7 Bd5 26. Ba6 Ra8 27. Rc3 e6 28. b4 f6 29. f3 Rf7 30. Kf2 Rd7 31. Bb5 Rf7 32. Ba6 Rd7 33. g4 Nh4 34. Ba5 f5 35. g5 f4 36. Rdd3 Rf8 37. Bc7 Rf5 38. Bb5 Rdf7 39. Bd8 Rf8 40. Be7 Rb8 41. Rc7 Rf7 42. Rdc3 Nf5 43. Rc8+ Rxc8 44. Rxc8+ Kg7 45. Bf6+ Rxf6 46. gxf6+ Kxf6 47. Rc7 Nxd4 48. Be2 a6 49. b5 axb5 50. axb5 g5 51. b6 h5 52. b7 Bxb7 53. Rxb7 g4 54. fxg4 Nxe2 55. g5+ Kxg5 56. Kxe2 Kg4 57. Kf2 e5 58. Re7 Kf5 59. Kf3 Kf6 60. Re8 1-0

[Event "Berlin Lichtenberger op 11th"]
[Site "Berlin"]
[Date "2012.08.19"]
[Round "2"]
[White "Eichler, Jan Christoph"]
[Black "Giemsa, Stephan"]
[Result "0-1"]
[WhiteElo "2095"]
[BlackElo "2261"]
[PlyCount "42"]
[EventDate "2012.08.18"]
[EventType "swiss"]
[EventRounds "9"]
[EventCountry "GER"]
[SourceTitle "CBM 150 Extra"]
[Source "ChessBase"]
[SourceDate "2012.10.19"]
[SourceVersion "1"]
[SourceVersionDate "2012.10.19"]
[SourceQuality "1"]

1. d4 Nf6 2. c4 g6 3. Nc3 d5 4. cxd5 Nxd5 5. e4 Nxc3 6. bxc3 Bg7 7. Bc4 c5 8. Ne2 Nc6 9. Be3 0-0 10. 0-0 e6 11. Qd2 Qa5 12. dxc5 Rd8 13. Qb2 Ne5 14. Qb4 Nxc4 15. Qxc4 b6 16. Qb3 Ba6 17. Rfe1 bxc5 18. Rac1 Rab8 19. Qc2 Bd3 20. Qd1 Bxe4 21. Bd2 Qxa2 0-1

[Event "GER-chT Schools WK II"]
[Site "Verden an der Aller"]
[Date "2011.05.14"]
[Round "2.1"]
[White "Eichler, Jan Christoph"]
[Black "Xin, Ruidi"]
[Result "1-0"]
[WhiteElo "1759"]
[BlackElo "1752"]
[PlyCount "67"]
[EventDate "2011.05.14"]
[EventType "team-swiss"]
[EventRounds "7"]
[EventCountry "GER"]
[SourceTitle "EXT 2022"]
[Source "ChessBase"]
[SourceDate "2021.10.06"]
[SourceVersion "1"]
[SourceVersionDate "2021.10.06"]
[SourceQuality "1"]
[WhiteTeam "Oranienburg Louise Henriette Gym U17"]
[BlackTeam "Claudius Gymn U17"]
[WhiteTeamCountry "GER"]
[BlackTeamCountry "GER"]

1. d4 Nf6 2. c4 g6 3. Nc3 Bg7 4. e4 d6 5. Be2 0-0 6. f4 c6 7. Nf3 Qc7 8. 0-0 Rd8 9. Qe1 Ne8 10. Qh4 f5 11. e5 Nd7 12. Qxe7 Bf8 13. Qh4 dxe5 14. fxe5 Nb6 15. Bg5 Be6 16. Bxd8 Rxd8 17. b3 Kg7 18. g4 Be7 19. Ng5 Bxg5 20. Qxg5 Qd7 21. Rad1 fxg4 22. d5 cxd5 23. cxd5 Nxd5 24. Nxd5 Bxd5 25. Bc4 Qc7 26. Bxd5 Qc5+ 27. Rf2 Rxd5 28. Rxd5 Qxd5 29. Qe7+ Kh6 30. Qf7 Qxe5 31. Qf4+ Qxf4 32. Rxf4 Kg5 33. Re4 Nd6 34. Re7 1-0